Statistics for Triple Top Ten - Africa

Click here to take the quiz!

General Stats

  • This quiz has been taken 21 times
  • The average score is 27 of 30

Answer Stats

Answer% Correct
DR Congo
100%
DR Congo
100%
Egypt
100%
Egypt
100%
Libya
100%
Libya
100%
Niger
100%
South Africa
100%
South Africa
100%
Algeria
94%
Algeria
94%
Algeria
94%
Angola
94%
Chad
94%
Morocco
94%
Nigeria
94%
Tanzania
94%
Ethiopia
89%
Ethiopia
89%
Mali
89%
Sudan
89%
Sudan
89%
Tunisia
89%
Uganda
89%
Kenya
83%
Gabon
72%
Seychelles
72%
Botswana
67%
Equatorial Guinea
67%
Mauritius
56%

Score Distribution

Percentile by Number Answered

Percent of People with Each Score

Your Score History

You have not taken this quiz